EU food aid and food security programme: towards recipient country ownership of food security - bi-annual report; 1998/1999 (Record no. 42548)

MARC details
000 -LEADER
fixed length control field 00948nam a2200205 a 4500
008 - FIXED-LENGTH DATA ELEMENTS--GENERAL INFORMATION
fixed length control field 100617s2000 ||||||||||||||||| || u
050 ## - LIBRARY OF CONGRESS CALL NUMBER
Classification number EURO(02)
110 ## - MAIN ENTRY--CORPORATE NAME
Corporate name or jurisdiction name as entry element EUROPEAN COMMISSION
245 10 - TITLE STATEMENT
Title EU food aid and food security programme: towards recipient country ownership of food security - bi-annual report; 1998/1999
260 ## - PUBLICATION, DISTRIBUTION, ETC.
Place of publication, distribution, etc. Luxembourg:
Name of publisher, distributor, etc. Office for Official Publications of the European Communities
Date of publication, distribution, etc. 2000
300 ## - PHYSICAL DESCRIPTION
Extent 100p.: ill
350 ## - PRICE (NR) (BK AM CF MU VM SE) [OBSOLETE]
Price 0.00
490 ## - SERIES STATEMENT
Series statement Development (European Commission)
490 ## - SERIES STATEMENT
Volume/sequential designation Bi-annual report(EU food aid and food security programme); 1998/1999
650 ## - SUBJECT ADDED ENTRY--TOPICAL TERM
Topical term or geographic name entry element FOOD SECURITY--DEVELOPING COUNTRIES
650 ## - SUBJECT ADDED ENTRY--TOPICAL TERM
Topical term or geographic name entry element EUROPEAN UNION COUNTRIES--ECONOMIC POLICY
650 ## - SUBJECT ADDED ENTRY--TOPICAL TERM
Topical term or geographic name entry element EUROPEAN ECONOMIC COMMUNITY--DEVELOPMENT
650 ## - SUBJECT ADDED ENTRY--TOPICAL TERM
Topical term or geographic name entry element FOOD
995 ## - RECOMMENDATION 995 [LOCAL, UNIMARC FRANCE]
-- 0.00
-- CBU-MAIN LIBRARY (Kitwe)
-- 1
-- 0.00
-- 1
-- AVAILABLE
-- Jun 17, 2010
-- International Publications
Holdings
Withdrawn status Lost status Source of classification or shelving scheme Damaged status Not for loan Home library Current library Shelving location Date acquired Total Checkouts Full call number Barcode Date last seen Price effective from Koha item type
          CBU-MAIN LIBRARY, KITWE. CBU-MAIN LIBRARY, KITWE.   11/30/2022   EURO(02) Z03006507 11/30/2022 11/30/2022 MONOGRAPH